Welcome to CU Library Online Public Access Catalogue (OPAC)

Correlative Neuroanatomy/ (Record no. 3515)

MARC details
000 -LEADER
fixed length control field 00543nam a22001817a 4500
005 - DATE AND TIME OF LATEST TRANSACTION
control field 20250206180437.0
008 - FIXED-LENGTH DATA ELEMENTS--GENERAL INFORMATION
fixed length control field 250206b |||||||| |||| 00| 0 eng d
020 ## - INTERNATIONAL STANDARD BOOK NUMBER
International Standard Book Number 0838513409
050 ## - LIBRARY OF CONGRESS CALL NUMBER
Classification number RC348
Item number .C59
100 ## - MAIN ENTRY--PERSONAL NAME
Personal name deGroot, Jack
245 ## - TITLE STATEMENT
Title Correlative Neuroanatomy/
Remainder of title a LANGE medical book
Statement of responsibility, etc. Jack deGroot, Joseph G. Chusid
250 ## - EDITION STATEMENT
Edition statement 20th ed.
260 ## - PUBLICATION, DISTRIBUTION, ETC.
Place of publication, distribution, etc. East Norwalk, Connecticut
Name of publisher, distributor, etc. Appleton & Lange
Date of publication, distribution, etc. 1988
300 ## - PHYSICAL DESCRIPTION
Extent 451p.
Other physical details ill.
Dimensions 26cm
500 ## - GENERAL NOTE
General note includes index
700 ## - ADDED ENTRY--PERSONAL NAME
Personal name Chusid, Joseph G.
942 ## - ADDED ENTRY ELEMENTS (KOHA)
Source of classification or shelving scheme Library of Congress Classification
Koha item type Books
Edition 20th ed.
Suppress in OPAC No
999 ## -
-- 3515
-- 3515
Holdings
Withdrawn status Lost status Source of classification or shelving scheme Damaged status Not for loan Collection Home library Current library Shelving location Date acquired Total checkouts Full call number Barcode Date last seen Copy number Price effective from Koha item type
    Library of Congress Classification     Non-fiction Science Library (Miotso) Science Library (Miotso) General stacks 02/06/2025   RC348 .C59 deG SLM00002942 02/06/2025 1 02/06/2025 Books
© 2023-2024 Copyright: Central University Libraries. All Rights Reserved | Created by: Mahone Tech Office